[Event "Pula op 37th"]
[Site "Pula"]
[Date "2025.06.19"]
[Round "5"]
[White "Maerevoet, Sim"]
[Black "Ledger, Andrew"]
[Result "1-0"]
[WhiteElo "2456"]
[BlackElo "2334"]
[PlyCount "87"]
[EventDate "2025.06.15"]
[EventType "swiss"]
[EventRounds "9"]
[EventCountry "CRO"]
[SourceTitle "CB26_2025"]
[SourceDate "2025.06.25"]
[SourceVersion "1"]
[SourceVersionDate "2025.06.25"]
[SourceQuality "1"]

1. Nf3 Nf6 2. c4 c5 3. Nc3 Nc6 4. e3 a6 5. b3 e6 6. Bb2 Be7 7. Be2 0-0 8. 0-0 d5 9. cxd5 Nxd5 10. Rc1 Ndb4 11. d4 cxd4 12. exd4 Bd7 13. a3 Nd5 14. Nxd5 exd5 15. Ne5 Be8 16. Re1 Bg5 17. Rc5 Be7 18. Rc3 f6 19. Nxc6 Bxc6 20. Re3 Bd6 21. Bd3 g6 22. h4 f5 23. h5 Qd7 24. hxg6 hxg6 25. Re6 Kg7 26. g4 fxg4 27. Rxg6+ Kf7 28. Ree6 Qxe6 29. Rxe6 Kxe6 30. Qxg4+ Ke7 31. Bc1 Kd8 32. Bh6 Re8 33. Bf4 Bd7 34. Qg5+ Kc7 35. Bxd6+ Kxd6 36. Qf4+ Kc6 37. Qc1+ Kd6 38. Qc5+ Ke6 39. f4 Bc6 40. Bg6 Re7 41. f5+ Kd7 42. f6 Re1+ 43. Kf2 b6 44. Qb4 1-0

[Event "Pula op 37th"]
[Site "Pula"]
[Date "2025.06.16"]
[Round "2"]
[White "Ledger, Andrew"]
[Black "Andronescu, Madalin"]
[Result "1-0"]
[WhiteElo "2334"]
[BlackElo "2069"]
[PlyCount "42"]
[EventDate "2025.06.15"]
[EventType "swiss"]
[EventRounds "9"]
[EventCountry "CRO"]
[SourceTitle "CB26_2025"]
[SourceDate "2025.06.25"]
[SourceVersion "1"]
[SourceVersionDate "2025.06.25"]
[SourceQuality "1"]

1. e4 d6 2. d4 Nf6 3. Nc3 g6 4. Be3 Bg7 5. Qd2 c6 6. Bh6 Bxh6 7. Qxh6 Qa5 8. Bd3 Na6 9. Nf3 Nb4 10. e5 Nfd5 11. Qg7 Rf8 12. 0-0 Nf4 13. exd6 Be6 14. Ne4 exd6 15. Nxd6+ Ke7 16. Ne4 Nh5 17. Qh6 Nxd3 18. cxd3 Qf5 19. Rfe1 Nf4 20. Qh4+ f6 21. Ng3 Ke8 1-0

[Event "Pula op 37th"]
[Site "Pula"]
[Date "2025.06.15"]
[Round "1"]
[White "Staudacher, Thomas"]
[Black "Ledger, Andrew"]
[Result "0-1"]
[WhiteElo "1904"]
[BlackElo "2334"]
[PlyCount "49"]
[EventDate "2025.06.15"]
[EventType "swiss"]
[EventRounds "9"]
[EventCountry "CRO"]
[SourceTitle "CB26_2025"]
[SourceDate "2025.06.25"]
[SourceVersion "1"]
[SourceVersionDate "2025.06.25"]
[SourceQuality "1"]

1. e4 c6 2. d4 d5 3. e5 Bf5 4. Nc3 e6 5. g4 Bg6 6. Nge2 c5 7. Be3 Nc6 8. h4 h5 9. Nf4 Bxc2 10. Qxc2 cxd4 11. Bxd4 Nxd4 12. Qa4+ Nc6 13. Bb5 Qc7 14. 0-0 Rc8 15. Ncxd5 exd5 16. Nxd5 Qd7 17. e6 fxe6 18. Nf4 Bd6 19. Nxe6 Qxe6 20. Rfe1 Be5 21. Kf1 Nge7 22. f4 Qxg4 23. Rxe5 0-0 24. Bc4+ Kh8 25. Ke1 0-1

[Event "BCF-chT 2425 (4NCL)"]
[Site "England"]
[Date "2025.01.25"]
[Round "3.23"]
[White "Ledger, Andrew"]
[Black "Royal, Shreyas"]
[Result "1-0"]
[WhiteElo "2333"]
[BlackElo "2509"]
[PlyCount "99"]
[EventDate "2024.11.23"]
[EventType "team-swiss"]
[EventRounds "11"]
[EventCountry "ENG"]
[SourceTitle "CB14_2025"]
[SourceDate "2024.11.01"]
[SourceVersion "1"]
[SourceVersionDate "2024.11.01"]
[SourceQuality "1"]
[WhiteTeam "Blackthorne Russia"]
[BlackTeam "Manx Liberty"]
[WhiteTeamCountry "ENG"]
[BlackTeamCountry "ENG"]

1. d4 Nf6 2. c4 e6 3. Nf3 d5 4. Nc3 Nbd7 5. cxd5 exd5 6. Qc2 Bb4 7. a3 Bxc3+ 8. Qxc3 Ne4 9. Qc2 0-0 10. e3 c5 11. Bd3 Re8 12. 0-0 c4 13. Be2 Nb6 14. Bd2 Bf5 15. Qd1 Nxd2 16. Qxd2 Nc8 17. b3 Nd6 18. bxc4 dxc4 19. a4 Qb6 20. Ne5 Rac8 21. Rfc1 Qb3 22. Qa2 Be6 23. Qa3 Qxa3 24. Rxa3 f6 25. Nf3 Ne4 26. Kf1 c3 27. Bd3 Bc4 28. Ne1 Bxd3+ 29. Nxd3 Rc4 30. Ke2 Rec8 31. f3 Nd6 32. Nc5 b6 33. Ne4 Nxe4 34. fxe4 Rb4 35. Kd3 Rb2 36. Rc2 Rxc2 37. Kxc2 Rc4 38. a5 b5 39. Rxc3 Rxc3+ 40. Kxc3 a6 41. d5 Kf7 42. Kd4 Ke7 43. e5 Kd7 44. e6+ Kd6 45. g4 g6 46. e4 g5 47. h3 h6 48. Kd3 Ke7 49. Kc3 Kd6 50. Kd4 1-0

[Event "BCF-chT 2425 (4NCL)"]
[Site "England"]
[Date "2024.11.24"]
[Round "2.53"]
[White "Maycock Bates, David Henry"]
[Black "Ledger, Andrew"]
[Result "1/2-1/2"]
[WhiteElo "2290"]
[BlackElo "2328"]
[PlyCount "117"]
[EventDate "2024.11.23"]
[EventType "team-swiss"]
[EventRounds "11"]
[EventCountry "ENG"]
[SourceTitle "CB48_2024"]
[SourceDate "2024.11.28"]
[SourceVersion "1"]
[SourceVersionDate "2024.11.28"]
[SourceQuality "1"]
[WhiteTeam "CSC/Kingston"]
[BlackTeam "Blackthorne Russia"]
[WhiteTeamCountry "ENG"]
[BlackTeamCountry "ENG"]

1. e4 c6 2. d4 d5 3. Nc3 dxe4 4. Nxe4 Bf5 5. Ng3 Bg6 6. h4 h6 7. Nf3 e6 8. Ne5 Bh7 9. Bd3 Bxd3 10. Qxd3 Nd7 11. f4 Be7 12. Bd2 Nxe5 13. fxe5 Bxh4 14. 0-0-0 Bxg3 15. Qxg3 Ne7 16. Qxg7 Rg8 17. Qxh6 Qd5 18. Kb1 0-0-0 19. Qf6 Rxg2 20. Qxe7 Rxd2 21. Qxd8+ Kxd8 22. Rh8+ Ke7 23. Rxd2 Qe4 24. Kc1 c5 25. c3 b5 26. Rc8 Qe1+ 27. Kc2 Qe4+ 28. Kc1 Qe1+ 29. Rd1 Qe3+ 30. Kb1 Qe2 31. Kc1 Qe3+ 32. Kb1 Qe2 33. Rc1 Qd3+ 34. Ka1 Qd2 35. Kb1 Qd3+ 36. Ka1 Qd2 37. Rh1 cxd4 38. cxd4 Qxd4 39. Rc7+ Kf8 40. Rf1 Ke8 41. Rcxf7 Qd3 42. a3 a5 43. Rf8+ Kd7 44. Rc1 Qe3 45. Rd1+ Ke7 46. Ra8 a4 47. Rh1 Qxe5 48. Rh7+ Kd6 49. Ra6+ Kc5 50. Rh3 Qe2 51. Rc3+ Kd5 52. Rac6 e5 53. R6c5+ Kd4 54. Rc2 Qf1+ 55. Rc1 Qe2 56. R5c2 Qd3 57. Rc3 Qe2 58. R3c2 Qd3 59. Rc3 1/2-1/2

[Event "BCF-chT 2425 (4NCL)"]
[Site "England"]
[Date "2024.11.23"]
[Round "1.53"]
[White "Ledger, Andrew"]
[Black "Camacho Collados, Jose"]
[Result "1-0"]
[WhiteElo "2328"]
[BlackElo "2348"]
[PlyCount "109"]
[EventDate "2024.11.23"]
[EventType "team-swiss"]
[EventRounds "11"]
[EventCountry "ENG"]
[SourceTitle "CB48_2024"]
[SourceDate "2024.11.28"]
[SourceVersion "1"]
[SourceVersionDate "2024.11.28"]
[SourceQuality "1"]
[WhiteTeam "Blackthorne Russia"]
[BlackTeam "Chessable White Rose"]
[WhiteTeamCountry "ENG"]
[BlackTeamCountry "ENG"]

1. d4 e6 2. c4 b6 3. a3 Bb7 4. Nc3 Nf6 5. Nf3 Ne4 6. Nxe4 Bxe4 7. Bf4 Be7 8. Nd2 Bb7 9. e4 Bg5 10. Qg4 Bxf4 11. Qxf4 d6 12. Be2 Qf6 13. Qxf6 gxf6 14. d5 a5 15. b3 Nd7 16. 0-0 Rg8 17. g3 0-0-0 18. Bh5 exd5 19. exd5 Rdf8 20. f4 b5 21. Rad1 f5 22. Be2 bxc4 23. bxc4 Nc5 24. Nf3 Re8 25. Nd4 Re3 26. Rf3 Rge8 27. Kf2 Rc3 28. Rxc3 Ne4+ 29. Kf3 Nxc3 30. Rd2 Ne4 31. Rc2 Nc5 32. Nxf5 Kd7 33. Bf1 c6 34. Ne3 Kc7 35. g4 f6 36. h4 h6 37. Rg2 cxd5 38. cxd5 Rf8 39. Bb5 Rf7 40. Rd2 Bc8 41. Bd3 Re7 42. Bf5 Bb7 43. g5 fxg5 44. hxg5 hxg5 45. fxg5 Nd7 46. Bxd7 Kxd7 47. Rg2 Ke8 48. g6 Kf8 49. Kf4 Bc8 50. Rc2 Bd7 51. Rc7 Ke8 52. Ra7 Rg7 53. Ra8+ Ke7 54. Nf5+ Bxf5 55. Kxf5 1-0

[Event "EU-Cup 39th"]
[Site "Vrnjacka Banja"]
[Date "2024.10.23"]
[Round "4.1"]
[White "Ledger, Andrew"]
[Black "Maksimovic, Bojan"]
[Result "0-1"]
[WhiteElo "2337"]
[BlackElo "2490"]
[PlyCount "42"]
[EventDate "2024.10.20"]
[EventType "team-swiss"]
[EventRounds "7"]
[EventCountry "SRB"]
[SourceTitle "CB44_2024"]
[Source "Chessbase"]
[SourceDate "2024.10.30"]
[SourceVersion "1"]
[SourceVersionDate "2024.10.30"]
[SourceQuality "1"]
[WhiteTeam "Blackthorne"]
[BlackTeam "Jugovic"]
[WhiteTeamCountry "ENG"]
[BlackTeamCountry "SRB"]

1. d4 Nf6 2. c4 g6 3. Nc3 Bg7 4. e4 d6 5. Nf3 0-0 6. Be2 e5 7. 0-0 Nbd7 8. Re1 exd4 9. Nxd4 Re8 10. f3 c6 11. Nc2 Ne5 12. Bf1 Be6 13. Ne3 a6 14. Rb1 b5 15. b3 Nh5 16. Qc2 Qg5 17. Kh1 Qh4 18. Ba3 Bh6 19. Bxd6 Bf4 20. g4 Ng3+ 21. Kg2 Nxe4 0-1

[Event "BCF-ch"]
[Site "Hull"]
[Date "2024.08.01"]
[Round "6"]
[White "Salmons, Calum"]
[Black "Ledger, Andrew"]
[Result "0-1"]
[WhiteElo "1999"]
[BlackElo "2334"]
[PlyCount "110"]
[EventDate "2024.07.27"]
[EventType "swiss"]
[EventRounds "9"]
[EventCountry "ENG"]
[SourceTitle "CBM 221 Extra"]
[Source "ChessBase"]
[SourceDate "2024.09.30"]
[SourceVersion "1"]
[SourceVersionDate "2024.09.30"]
[SourceQuality "1"]

1. e4 c6 2. d4 d5 3. Nc3 dxe4 4. Nxe4 Nd7 5. Ng5 h6 6. N5f3 Ngf6 7. Bd3 e6 8. Ne2 Bd6 9. Bf4 Bxf4 10. Nxf4 0-0 11. Qd2 c5 12. c3 cxd4 13. cxd4 Qc7 14. Rc1 Qd6 15. 0-0 b6 16. Rfe1 Bb7 17. Ne5 g5 18. Nh3 Qd5 19. f3 Qxd4+ 20. Kh1 Kg7 21. Rc4 Qd6 22. Nxd7 Qxd7 23. Qc3 Rac8 24. Bb1 Rxc4 25. Qxc4 Qd2 26. Qe2 Qxe2 27. Rxe2 Rd8 28. Nf2 Rd4 29. Kg1 Nd5 30. Be4 Nf4 31. Rc2 Bxe4 32. Nxe4 Rd1+ 33. Kf2 Rb1 34. b3 Nd3+ 35. Kg3 f5 36. Nf2 f4+ 37. Kh3 Rc1 38. Rd2 Nxf2+ 39. Rxf2 Kg6 40. Rd2 Rc3 41. Rd7 h5 42. Rxa7 g4+ 43. Kh4 gxf3 44. gxf3 Rxf3 45. b4 Kf5 46. a4 e5 47. a5 bxa5 48. bxa5 Ra3 49. a6 Ke4 50. Kxh5 Kf3 51. Re7 e4 52. a7 e3 53. Kg5 Ra5+ 54. Kh4 e2 55. h3 Rxa7 0-1

[Event "BCF-ch"]
[Site "Hull"]
[Date "2024.07.31"]
[Round "5"]
[White "Ledger, Andrew"]
[Black "Grieve, Harry"]
[Result "1/2-1/2"]
[WhiteElo "2334"]
[BlackElo "2477"]
[PlyCount "71"]
[EventDate "2024.07.27"]
[EventType "swiss"]
[EventRounds "9"]
[EventCountry "ENG"]
[SourceTitle "CBM 221 Extra"]
[Source "ChessBase"]
[SourceDate "2024.09.30"]
[SourceVersion "1"]
[SourceVersionDate "2024.09.30"]
[SourceQuality "1"]

1. c4 e6 2. Nf3 d5 3. d4 Nf6 4. g3 dxc4 5. Bg2 Bb4+ 6. Bd2 a5 7. Qc2 Bxd2+ 8. Qxd2 c6 9. a4 b5 10. axb5 cxb5 11. Qg5 0-0 12. Qxb5 Ba6 13. Qxa5 Bb7 14. Qxd8 Rxa1 15. Qxf8+ Kxf8 16. 0-0 Ra2 17. Nc3 Rxb2 18. Rc1 Nbd7 19. Ne5 Nxe5 20. Bxb7 Rxb7 21. dxe5 Ng4 22. f4 Rb3 23. Nd1 g5 24. Kg2 gxf4 25. gxf4 Kg7 26. h3 Ne3+ 27. Nxe3 Rxe3 28. Kf2 Rxh3 29. Rxc4 h5 30. e4 Ra3 31. Rc7 Kg6 32. f5+ exf5 33. exf5+ Kxf5 34. Rxf7+ Kxe5 35. Rh7 Kf4 36. Rxh5 1/2-1/2

[Event "BCF-ch"]
[Site "Hull"]
[Date "2024.07.28"]
[Round "2"]
[White "Jones, Gawain C B"]
[Black "Ledger, Andrew"]
[Result "1-0"]
[WhiteElo "2640"]
[BlackElo "2334"]
[PlyCount "148"]
[EventDate "2024.07.27"]
[EventType "swiss"]
[EventRounds "9"]
[EventCountry "ENG"]
[SourceTitle "CBM 221 Extra"]
[Source "ChessBase"]
[SourceDate "2024.09.30"]
[SourceVersion "1"]
[SourceVersionDate "2024.09.30"]
[SourceQuality "1"]

1. Nf3 d5 2. c4 c6 3. g3 g6 4. Bg2 Bg7 5. 0-0 e5 6. d3 Ne7 7. e4 0-0 8. b4 h6 9. Nbd2 Be6 10. a4 Nd7 11. Ba3 dxe4 12. dxe4 Re8 13. c5 a5 14. Qc2 axb4 15. Bxb4 b6 16. cxb6 Qxb6 17. Bxe7 Rxe7 18. Rfc1 Ra5 19. Bf1 Nc5 20. Bc4 Qa7 21. Bxe6 Rxe6 22. Ra2 Re8 23. Rca1 Ra6 24. Nc4 Ne6 25. a5 Nd4 26. Qd3 c5 27. Nb6 h5 28. Kg2 Qb7 29. Kg1 Ra7 30. Rb2 Qc6 31. Nc4 Qe6 32. Nxd4 exd4 33. Re1 h4 34. Rb6 Qd7 35. e5 Re6 36. Qe4 h3 37. Reb1 Re8 38. Qc6 Qxc6 39. Rxc6 Bxe5 40. Kf1 Bc7 41. a6 d3 42. Rd1 Re6 43. Rxe6 fxe6 44. Ra1 Kf7 45. Ke1 Ke7 46. Kd2 Kd7 47. Kxd3 Kc6 48. f4 Kb5 49. Na3+ Kc6 50. Nc4 Kb5 51. Rb1+ Kc6 52. Re1 Kd5 53. Ne3+ Kd6 54. Ra1 Bd8 55. Ng4 Kd5 56. Ra4 g5 57. fxg5 Bxg5 58. Nf2 c4+ 59. Rxc4 Rxa6 60. Nxh3 Ra3+ 61. Rc3 Rxc3+ 62. Kxc3 Bf6+ 63. Kd3 Ke5 64. Nf2 Kf5 65. Ke3 Bd8 66. Kf3 Bc7 67. h4 Kg6 68. g4 Bd8 69. h5+ Kg5 70. Ne4+ Kh6 71. Nc5 e5 72. Ne6 Ba5 73. Ke4 Bc3 74. Kf5 Bb2 1-0

[Event "ENG-ch Seniors 50"]
[Site "Kenilworth"]
[Date "2024.05.25"]
[Round "3"]
[White "Ciuravin, Andrei"]
[Black "Ledger, Andrew"]
[Result "0-1"]
[WhiteElo "2046"]
[BlackElo "2335"]
[PlyCount "90"]
[EventDate "2024.05.24"]
[EventType "swiss"]
[EventRounds "7"]
[EventCountry "ENG"]
[SourceTitle "CBM 220 Extra"]
[Source "ChessBase"]
[SourceDate "2024.07.31"]
[SourceVersion "1"]
[SourceVersionDate "2024.07.31"]
[SourceQuality "1"]

1. d4 Nf6 2. Nf3 g6 3. Bg5 Bg7 4. Nbd2 0-0 5. c3 h6 6. Bh4 d6 7. e4 c5 8. dxc5 dxc5 9. Bc4 Nc6 10. Qe2 Nh5 11. Qe3 b6 12. 0-0 Qc7 13. Bg3 Nxg3 14. hxg3 Bb7 15. Nh2 Rad8 16. Rad1 Rd7 17. Nb3 Rfd8 18. Be2 a5 19. Nc1 Ne5 20. f4 Rxd1 21. Rxd1 Rxd1+ 22. Bxd1 Nc4 23. Qe2 Qd7 24. Bb3 Nd2 25. Bc2 Nxe4 26. Bxe4 Bxe4 27. Qxe4 Qd1+ 28. Nf1 Qxc1 29. Qe2 c4 30. Kh2 b5 31. Ne3 a4 32. a3 e6 33. Ng4 h5 34. Nf2 h4 35. Ng4 hxg3+ 36. Kxg3 g5 37. fxg5 Qxg5 38. Kh2 Qd5 39. Nf2 Qe5+ 40. Qxe5 Bxe5+ 41. Kg1 f5 42. Kf1 Bf4 43. Ke2 Bc1 44. Nd1 Kf7 45. Kf3 e5 0-1

[Event "BCF-chT 2324 (4NCL)"]
[Site "England"]
[Date "2024.05.06"]
[Round "11.2"]
[White "Ledger, Andrew"]
[Black "Adams, Michael"]
[Result "0-1"]
[WhiteElo "2330"]
[BlackElo "2677"]
[PlyCount "56"]
[EventDate "2023.11.11"]
[EventType "team-tourn"]
[EventRounds "11"]
[EventCountry "ENG"]
[SourceTitle "EXT 2025"]
[Source "ChessBase"]
[SourceDate "2024.10.14"]
[SourceVersion "1"]
[SourceVersionDate "2024.10.14"]
[SourceQuality "1"]
[WhiteTeam "Blackthorne Russia"]
[BlackTeam "Wood Green"]
[WhiteTeamCountry "ENG"]
[BlackTeamCountry "ENG"]

1. Nf3 d5 2. d4 Nf6 3. c4 e6 4. Nc3 Nbd7 5. Bf4 Bb4 6. Qb3 c5 7. dxc5 a5 8. Bd6 b6 9. cxd5 Nxd5 10. e4 Nxc3 11. bxc3 Bxc5 12. Rd1 Bxd6 13. Rxd6 Qc7 14. e5 0-0 15. Qc4 Nc5 16. Qd4 Bb7 17. Be2 Ne4 18. Rd7 Qc8 19. Bd3 Bd5 20. Bxe4 Qxd7 21. Bxh7+ Kxh7 22. Qh4+ Kg8 23. Ng5 Rfc8 24. Qh7+ Kf8 25. h4 Qc7 26. Rh3 Qxe5+ 27. Re3 Qf6 28. Qb1 Qf5 0-1

[Event "Sheffield"]
[Site "Sheffield"]
[Date "2024.04.13"]
[Round "6"]
[White "Nagy, Gabor"]
[Black "Ledger, Andrew"]
[Result "1/2-1/2"]
[WhiteElo "2436"]
[BlackElo "2336"]
[PlyCount "57"]
[EventDate "2024.04.10"]
[EventType "tourn"]
[EventRounds "9"]
[EventCountry "ENG"]
[EventCategory "2"]
[SourceTitle "CBM 219 Extra"]
[Source "ChessBase"]
[SourceDate "2024.05.31"]
[SourceVersion "1"]
[SourceVersionDate "2024.05.31"]
[SourceQuality "1"]

1. d4 Nf6 2. c4 e6 3. Nf3 Bb4+ 4. Nbd2 0-0 5. g3 c5 6. a3 Bxd2+ 7. Qxd2 cxd4 8. Bg2 d5 9. cxd5 Qxd5 10. Qxd4 Nc6 11. Qxd5 Nxd5 12. 0-0 b6 13. Re1 Ba6 14. Bd2 Rac8 15. Rac1 Rfd8 16. b4 Bb5 17. e4 Nf6 18. Bc3 Kf8 19. h3 h6 20. Ne5 Ke7 21. Ba1 Nxe5 22. Bxe5 Ne8 23. Bb2 f6 24. e5 f5 25. Rxc8 Rxc8 26. Rc1 Rd8 27. Bc3 Nc7 28. Be1 Rd7 29. Bb7 1/2-1/2

[Event "Sheffield"]
[Site "Sheffield"]
[Date "2024.04.11"]
[Round "3"]
[White "O'Gorman, Tom"]
[Black "Ledger, Andrew"]
[Result "1/2-1/2"]
[WhiteElo "2321"]
[BlackElo "2336"]
[PlyCount "136"]
[EventDate "2024.04.10"]
[EventType "tourn"]
[EventRounds "9"]
[EventCountry "ENG"]
[EventCategory "2"]
[SourceTitle "CBM 219 Extra"]
[Source "ChessBase"]
[SourceDate "2024.05.31"]
[SourceVersion "1"]
[SourceVersionDate "2024.05.31"]
[SourceQuality "1"]

1. e4 c6 2. d4 d5 3. e5 Bf5 4. Nf3 e6 5. Be2 Ne7 6. 0-0 Nd7 7. Nbd2 h6 8. Nb3 Qc7 9. Bd2 a5 10. a4 Bh7 11. Rc1 Qb6 12. Bc3 Ng6 13. Bd3 Bb4 14. Bxb4 Qxb4 15. c3 Qe7 16. Ne1 0-0 17. f4 Nh4 18. Bxh7+ Kxh7 19. g3 Ng6 20. Ng2 f6 21. Qd3 f5 22. Ne3 Qf7 23. c4 dxc4 24. Nxc4 Qe7 25. Nd6 Nb6 26. Qd2 Nc8 27. Nxc8 Rfxc8 28. Nxa5 Rd8 29. Qc3 Qd7 30. Rfd1 Ne7 31. Nc4 Rxa4 32. Qb3 Ra6 33. Nb6 Qc7 34. Na4 b6 35. Nc3 Qd7 36. Qc4 b5 37. Qb3 Kg8 38. Rc2 Kf7 39. Ne2 Rda8 40. Rcc1 Qd5 41. Qxd5 Nxd5 42. Kf2 Ke7 43. Nc3 Nxc3 44. Rxc3 Kd7 45. g4 Ra2 46. Rd2 fxg4 47. Rg3 Ke7 48. Rxg4 Kf7 49. Ke3 g6 50. Rg1 Ra1 51. Rg3 Re1+ 52. Kf2 Raa1 53. Rc3 Rec1 54. Rdc2 Rxc2+ 55. Rxc2 Ra6 56. Kf3 Ra4 57. Ke3 Rb4 58. h4 h5 59. Rd2 Rb3+ 60. Ke4 Rh3 61. Rc2 Rxh4 62. Ke3 Rh3+ 63. Ke4 Rb3 64. Rxc6 Rxb2 65. Rc7+ Kf8 66. Rc8+ Kf7 67. Rc7+ Kf8 68. Rc8+ Kf7 1/2-1/2

[Event "BCF-chT 2324 (4NCL)"]
[Site "England"]
[Date "2024.03.17"]
[Round "8.1"]
[White "Ledger, Andrew"]
[Black "Rendle, Thomas E"]
[Result "1/2-1/2"]
[WhiteElo "2330"]
[BlackElo "2385"]
[PlyCount "28"]
[EventDate "2023.11.11"]
[EventType "team-tourn"]
[EventRounds "11"]
[EventCountry "ENG"]
[SourceTitle "EXT 2025"]
[Source "ChessBase"]
[SourceDate "2024.10.14"]
[SourceVersion "1"]
[SourceVersionDate "2024.10.14"]
[SourceQuality "1"]
[WhiteTeam "Blackthorne Russia"]
[BlackTeam "The Sharks"]
[WhiteTeamCountry "ENG"]
[BlackTeamCountry "ENG"]

1. Nf3 d5 2. g3 g6 3. Bg2 Bg7 4. d4 c6 5. 0-0 Nf6 6. Nbd2 0-0 7. c4 Bf5 8. b3 a5 9. Bb2 Na6 10. Rc1 Ne4 11. cxd5 cxd5 12. Ne5 Nf6 13. Nb1 Be4 14. Bh3 Bxb1 1/2-1/2

[Event "BCF-chT 2324 (4NCL)"]
[Site "England"]
[Date "2024.02.11"]
[Round "6.4"]
[White "Ledger, Andrew"]
[Black "Berry, Neil"]
[Result "1/2-1/2"]
[WhiteElo "2327"]
[BlackElo "2258"]
[PlyCount "99"]
[EventDate "2023.11.11"]
[EventType "team-tourn"]
[EventRounds "11"]
[EventCountry "ENG"]
[SourceTitle "CBM 219 Extra"]
[Source "ChessBase"]
[SourceDate "2024.05.31"]
[SourceVersion "1"]
[SourceVersionDate "2024.05.31"]
[SourceQuality "1"]
[WhiteTeam "Blackthorne Russia"]
[BlackTeam "Alba"]
[WhiteTeamCountry "ENG"]
[BlackTeamCountry "ENG"]

1. c4 e6 2. Nf3 d5 3. g3 Nf6 4. Bg2 c5 5. cxd5 exd5 6. d4 Nc6 7. 0-0 Be7 8. dxc5 Bxc5 9. a3 Ne4 10. b4 Be7 11. Nfd2 f5 12. Bb2 Bf6 13. Bxf6 Qxf6 14. Nb3 Be6 15. N1d2 0-0 16. Nf3 d4 17. Qd3 Rfd8 18. Rac1 Ne5 19. Nxe5 Qxe5 20. Nc5 Bd5 21. f4 Nxc5 22. Rxc5 Qe6 23. Bxd5 Rxd5 24. Rfc1 Re8 25. Rxd5 Qxd5 26. Rc5 Qa2 27. Kf2 g6 28. Qc4+ Qxc4 29. Rxc4 Rd8 30. Rc7 d3 31. exd3 Rxd3 32. a4 a5 33. bxa5 Rb3 34. Rc8+ Kg7 35. Rb8 Rb4 36. a6 Rxa4 37. Rxb7+ Kf6 38. a7 h6 39. h4 Ra3 40. Ke2 Ke6 41. Kd2 Kd5 42. Re7 Kd4 43. Ke2 Ra2+ 44. Kf3 Ra3+ 45. Kg2 Ra2+ 46. Kh3 h5 47. Rg7 Ke4 48. Rxg6 Kf3 49. Rf6 Rxa7 50. Rxf5 1/2-1/2

[Event "BCF-chT 2324 (4NCL)"]
[Site "England"]
[Date "2024.01.14"]
[Round "4.4"]
[White "Villiers, Thomas"]
[Black "Ledger, Andrew"]
[Result "1/2-1/2"]
[WhiteElo "2239"]
[BlackElo "2332"]
[PlyCount "140"]
[EventDate "2023.11.11"]
[EventType "team-tourn"]
[EventRounds "11"]
[EventCountry "ENG"]
[SourceTitle "CBM 219 Extra"]
[Source "ChessBase"]
[SourceDate "2024.05.31"]
[SourceVersion "1"]
[SourceVersionDate "2024.05.31"]
[SourceQuality "1"]
[WhiteTeam "Barnet Knights"]
[BlackTeam "Blackthorne Russia"]
[WhiteTeamCountry "ENG"]
[BlackTeamCountry "ENG"]

1. e4 c6 2. d4 d5 3. Nc3 dxe4 4. Nxe4 Bf5 5. Qf3 e6 6. c3 Nd7 7. Ne2 Ngf6 8. N2g3 Nxe4 9. Nxe4 Be7 10. Bf4 Nf6 11. Bd3 Bg6 12. Be5 Nxe4 13. Bxe4 Bxe4 14. Qxe4 0-0 15. 0-0 Bd6 16. f4 g6 17. Bxd6 Qxd6 18. Rfe1 Rfd8 19. Rad1 Rd7 20. Qe5 Qf8 21. Rd3 Rad8 22. Qf6 c5 23. Red1 b5 24. Qe5 Rd5 25. Qe3 Qd6 26. Kf2 c4 27. R3d2 Rf5 28. g3 g5 29. Kf3 Kh8 30. Rf1 gxf4 31. gxf4 Rg8 32. a3 Qd5+ 33. Ke2 a5 34. Qf3 Rh5 35. Qxd5 exd5 36. Rf2 f5 37. Kf1 Re8 38. Rg2 Rh4 39. Rdf2 Re4 40. Rg5 Rexf4 41. Rxf4 Rxf4+ 42. Kg2 b4 43. axb4 axb4 44. Kg3 Rf1 45. cxb4 h6 46. Kg2 Rf4 47. Rg6 Kh7 48. Rd6 Rxd4 49. Kf3 Rd2 50. Ke3 Rxb2 51. Rxd5 Kg6 52. Kf4 Rxb4 53. Rd6+ Kh5 54. Kxf5 Rb5+ 55. Kf4 Rc5 56. Rd2 c3 57. Rc2 Kh4 58. Ke4 Kh3 59. Kd4 Rc8 60. Ke4 h5 61. Ke3 h4 62. Kf4 Rg8 63. Rxc3+ Kxh2 64. Rc1 h3 65. Kf3 Rg1 66. Rc8 Kh1 67. Rh8 h2 68. Kf2 Ra1 69. Rg8 Ra2+ 70. Kf1 Ra5 1/2-1/2

[Event "BCF-chT 2324 (4NCL)"]
[Site "England"]
[Date "2024.01.13"]
[Round "3.6"]
[White "Ledger, Andrew"]
[Black "Willow, Jonah B"]
[Result "0-1"]
[WhiteElo "2332"]
[BlackElo "2434"]
[PlyCount "68"]
[EventDate "2023.11.11"]
[EventType "team-tourn"]
[EventRounds "11"]
[EventCountry "ENG"]
[SourceTitle "CBM 219 Extra"]
[Source "ChessBase"]
[SourceDate "2024.05.31"]
[SourceVersion "1"]
[SourceVersionDate "2024.05.31"]
[SourceQuality "1"]
[WhiteTeam "Blackthorne Russia"]
[BlackTeam "Wood Green Youth"]
[WhiteTeamCountry "ENG"]
[BlackTeamCountry "ENG"]

1. c4 e6 2. Nf3 d5 3. g3 d4 4. Bg2 Nc6 5. 0-0 Bc5 6. d3 Nf6 7. Nbd2 a5 8. Nb3 Be7 9. e3 dxe3 10. Bxe3 Ng4 11. Bc5 0-0 12. d4 a4 13. Bxe7 Qxe7 14. Nc5 e5 15. Re1 Rd8 16. b4 axb3 17. Nxb3 e4 18. d5 f5 19. Nfd2 b5 20. cxb5 Nce5 21. f3 Qf6 22. fxg4 Qb6+ 23. Kh1 Nxg4 24. Re2 Rxd5 25. Qe1 Bb7 26. a4 Rd3 27. Rc1 Qh6 28. h3 f4 29. Nc5 Rxg3 30. Nxb7 e3 31. Nf1 Rxh3+ 32. Kg1 f3 33. Nxe3 fxg2 34. Nxg4 Rh1+ 0-1

[Event "GBR-ch 109th"]
[Site "Leicester"]
[Date "2023.07.29"]
[Round "8"]
[White "Hebden, Mark"]
[Black "Ledger, Andrew"]
[Result "1/2-1/2"]
[WhiteElo "2436"]
[BlackElo "2299"]
[PlyCount "68"]
[EventDate "2023.07.22"]
[EventType "swiss"]
[EventRounds "9"]
[EventCountry "ENG"]
[SourceTitle "CBM 215 Extra"]
[Source "ChessBase"]
[SourceDate "2023.09.30"]
[SourceVersion "1"]
[SourceVersionDate "2023.09.30"]
[SourceQuality "1"]

1. d4 Nf6 2. Bg5 d5 3. Nd2 Bf5 4. e3 e6 5. c4 c6 6. Ngf3 Nbd7 7. Be2 Be7 8. 0-0 h6 9. Bf4 0-0 10. h3 Ne4 11. Nxe4 Bxe4 12. Nd2 Bg6 13. Qb3 Qb6 14. Rac1 Rfe8 15. Rfd1 Qxb3 16. Nxb3 a5 17. Nd2 Nb6 18. cxd5 exd5 19. Nf3 f6 20. Ne1 a4 21. h4 Nc8 22. h5 Bf5 23. Bd3 Bxd3 24. Nxd3 Bd6 25. g3 Ra5 26. Kg2 Kf7 27. Kf3 Bxf4 28. gxf4 Nd6 29. Rg1 Re7 30. Rc5 Ra8 31. Rc2 Ra5 32. Ke2 Ne4 33. Kd1 Kf8 34. Kc1 Kf7 1/2-1/2